Ayahanda (Record no. 148244)

MARC details
000 -LEADER
fixed length control field 00604nam a2200241 i 4500
001 - CONTROL NUMBER
control field C2-0228392
003 - CONTROL NUMBER IDENTIFIER
control field PPAK
005 - DATE AND TIME OF LATEST TRANSACTION
control field 20180728155508.0
008 - FIXED-LENGTH DATA ELEMENTS--GENERAL INFORMATION
fixed length control field 000817s1999 my |||| ||||| | may d
020 ## - INTERNATIONAL STANDARD BOOK NUMBER
International Standard Book Number 9838934373
040 ## - CATALOGING SOURCE
Original cataloging agency PPAK
Language of cataloging eng
Transcribing agency PPAK
Description conventions rda
082 04 - DEWEY DECIMAL CLASSIFICATION NUMBER
Classification number 899.233
Edition number 23
090 00 - LOCALLY ASSIGNED LC-TYPE CALL NUMBER (OCLC); LOCAL CALL NUMBER (RLIN)
Classification number (OCLC) (R) ; Classification number, CALL (RLIN) (NR) 899.233
Feature heading AZI
Feature heading G
100 0# - MAIN ENTRY--PERSONAL NAME
Personal name Azizi Haji Abdullah,
Relator term author
245 10 - TITLE STATEMENT
Title Ayahanda
264 #1 - PRODUCTION, PUBLICATION, DISTRIBUTION, MANUFACTURE, AND COPYRIGHT NOTICE
Place of production, publication, distribution, manufacture Kuala Lumpur :
Name of producer, publisher, distributor, manufacturer Creative ,
Date of production, publication, distribution, manufacture, or copyright notice 1999
300 ## - PHYSICAL DESCRIPTION
Dimensions 18 cm
336 ## - CONTENT TYPE
Source rdacontent
Content type term text
337 ## - MEDIA TYPE
Source rdamedia
Media type term unmediated
338 ## - CARRIER TYPE
Source rdacarrier
Carrier type term volume
650 10 - SUBJECT ADDED ENTRY--TOPICAL TERM
Topical term or geographic name entry element Malay fiction
942 ## - ADDED ENTRY ELEMENTS (KOHA)
-- dc
Koha item type Book
Holdings
Withdrawn Not for loan Current library Shelving location Date acquired Full call number Barcode Date last seen Koha item type Total Checkouts Total Renewals Date last checked out
  Not For Loan Perpustakaan Kulim Koleksi Azizi Abdullah 21/01/2001 KAA 899.233 AZI A00958884 27/06/2022 Book 8 4 23/05/2022
    Perpustakaan Yan Pinjaman Dewasa 21/01/2001 899.233 AZI A00958887 31/05/2018 Book      
    PD01, Kg. Bendang Raja, Kuala Nerang Pinjaman Dewasa 21/01/2001 899.233 AZI A00958902 31/05/2018 Book      
    PD03, Kg. Pulau Pisang, Jitra Pinjaman Dewasa 21/01/2001 899.233 AZI A00958904 31/05/2018 Book      
    PD08, Felda Gunung Bongsu, Kulim Pinjaman Dewasa 21/01/2001 899.233 AZI A00958909 31/05/2018 Book